000 00360nam a2200145Ia 4500
008 230917s9999||||xx |||||||||||||| ||und||
040 _e80581
_aMAIN
041 _aEnglish
082 _a300.72 M989L
100 _aMyneni, S R
245 0 _aLegal research methodology
260 _aFaridabad
_bAllahabad Law Agency
_c1997
300 _axi, 212 p.
942 _cBK
999 _c98159
_d98159